| 000 | 00000nam##2200000za#4500 |
| 001 | 9.574082 |
| 003 | CaOODSP |
| 005 | 20210624184018 |
| 007 | cr ||||||||||| |
| 008 | 150406|2003||||xxc|||||o f|0| 0 eng|d |
| 022 | |a1488-5379 |
| 040 | |aCaOODSP|beng |
| 043 | |an-cn--- |
| 086 | 1 |aFs97-6/2481E-PDF |
| 110 | 1 |aCanada. |bDepartment of Fisheries and Oceans. |
| 245 | 10|aMortality of snow crab discarded in Newfoundland and Labrador's trap fishery : |h[electronic resource]|bat-sea experiments on the effect of drop height and air exposure duration / |cby Scott M. Grant. |
| 260 | |aSt. John's - Newfoundland and Labrador : |bFisheries and Oceans Canada |cAugust 2003. |
| 300 | |a32p.|bgraphs, references, tables |
| 490 | 1 |aCanadian technical report of fisheries and aquatic sciences|x1488-5379|vNo. 2481 |
| 500 | |aIncorrect catalogue number (Fs 97-4/####E) and ISSN (0706-6457) for the print edition have been copied in this electronic publication. |
| 546 | |a(Résumé en français) |
| 590 | |a12-23-Supp|b2012-05-28 |
| 720 | 1 |aGrant, Scott M. |
| 776 | 0#|tMortality of snow crab discarded in Newfoundland and Labrador's trap fishery : |w(CaOODSP)9.616888 |
| 830 | #0|aCanadian technical report of fisheries and aquatic sciences,|x1488-5379|vNo. 2481|w(CaOODSP)9.504449 |
| 856 | 40|ahttp://publications.gc.ca|qPDF|s1.83 MB|uhttps://publications.gc.ca/collections/collection_2012/mpo-dfo/Fs97-6-2481-eng.pdf|yNo. 2481 |